| 000 | 00644nam a2200253Ia 4500 | ||
|---|---|---|---|
| 003 | OSt | ||
| 005 | 20220918163423.0 | ||
| 006 | a|||||r|||| 00| 0 | ||
| 007 | ta | ||
| 008 | 220917b |||||||| |||| 00| 0 eng d | ||
| 020 | _a0 7145 2620 7 | ||
| 024 | _a28,374 | ||
| 037 | _cTextual | ||
| 040 |
_aARTS _cARTS _beng |
||
| 041 |
_2eng _aeng |
||
| 082 | _aO111,3:gM, M0 | ||
| 100 | _aFletcher John | ||
| 245 | 0 | _aNovel and reader | |
| 260 |
_aLondon _bMarison Boyars UK _c1980 |
||
| 300 |
_a192p. _ccm. |
||
| 650 | _aENGLISH LITERATURE | ||
| 942 |
_hO111,3:gM, M0 _cTEXL _2CC |
||
| 999 |
_c119498 _d119498 |
||